Six sigma for sustainability : (Record no. 21151)
[ view plain ]
| 000 -LEADER | |
|---|---|
| fixed length control field | 01964cam a22003135a 4500 |
| 001 - CONTROL NUMBER | |
| control field | 16850186 |
| 005 - DATE AND TIME OF LATEST TRANSACTION | |
| control field | 20160215121418.0 |
| 008 - FIXED-LENGTH DATA ELEMENTS--GENERAL INFORMATION | |
| fixed length control field | 110630t2011 nyua frb 001 0 eng d |
| 020 ## - INTERNATIONAL STANDARD BOOK NUMBER | |
| International Standard Book Number | 9780071752442 (alk. paper) |
| 020 ## - INTERNATIONAL STANDARD BOOK NUMBER | |
| International Standard Book Number | 0071752447 (alk. paper) |
| 040 ## - CATALOGING SOURCE | |
| Original cataloging agency | DLC |
| Transcribing agency | DLC |
| Modifying agency | YDX |
| -- | BTCTA |
| -- | YDXCP |
| -- | VP@ |
| -- | BWX |
| -- | CLE |
| -- | CDX |
| -- | FER |
| -- | DLC |
| -- | EG-ScBUE |
| Language of cataloging | eng |
| 082 04 - DEWEY DECIMAL CLASSIFICATION NUMBER | |
| Classification number | 658.4013 |
| Edition number | 22 |
| Item number | MCC |
| 100 1# - MAIN ENTRY--PERSONAL NAME | |
| Personal name | McCarty, Tom. |
| 9 (RLIN) | 39348 |
| 245 10 - TITLE STATEMENT | |
| Title | Six sigma for sustainability : |
| Remainder of title | how organizations design and deploy winning environmental programs / |
| Statement of responsibility, etc | Thomas McCarty, Michael Jordan, Dan Probst. |
| 260 ## - PUBLICATION, DISTRIBUTION, ETC. (IMPRINT) | |
| Place of publication, distribution, etc | New York : |
| Name of publisher, distributor, etc | McGraw-Hill, |
| Date of publication, distribution, etc | c.2011. |
| 300 ## - PHYSICAL DESCRIPTION | |
| Extent | xxxi, 272 p. : |
| Other physical details | ill. ; |
| Dimensions | 24 cm. |
| 500 ## - GENERAL NOTE | |
| General note | Index : p. 265-272. |
| 504 ## - BIBLIOGRAPHY, ETC. NOTE | |
| Bibliography, etc | Includes bibliographical references. |
| 505 0# - FORMATTED CONTENTS NOTE | |
| Formatted contents note | Developing the business case -- Sustainability and the collaborative management model -- The sustainability transfer function -- Sustainability measurement and reporting -- Transformational change and the power of teams -- Sustainability and real estate -- Six sigma sustainability project examples -- Design for six sigma -- Stakeholder management -- Letters to tomorrow's corporate leaders -- Appendix A. Business case template and examples -- Appendix B. Sustainability transfer function -- Appendix C. Sample energy conservation opportunity evaluation checklist for an office building assessment -- Appendix D. Sample high-level process map for energy conservation in an office facility -- Appendix E. Sample functional performance criteria for enterprise carbon accounting software. |
| 650 #7 - SUBJECT ADDED ENTRY--TOPICAL TERM | |
| Topical term or geographic name as entry element | Management |
| General subdivision | Environmental aspects. |
| Source of heading or term | BUEsh |
| 9 (RLIN) | 39349 |
| 650 #7 - SUBJECT ADDED ENTRY--TOPICAL TERM | |
| Topical term or geographic name as entry element | Corporations |
| General subdivision | Environmental aspects. |
| Source of heading or term | BUEsh |
| 9 (RLIN) | 39350 |
| 650 #0 - SUBJECT ADDED ENTRY--TOPICAL TERM | |
| Topical term or geographic name as entry element | Industries |
| General subdivision | Environmental aspects. |
| Source of heading or term | BUEsh |
| 9 (RLIN) | 39342 |
| 650 #7 - SUBJECT ADDED ENTRY--TOPICAL TERM | |
| Topical term or geographic name as entry element | Six sigma (Quality control standard) |
| Source of heading or term | BUEsh |
| 9 (RLIN) | 4820 |
| 651 ## - SUBJECT ADDED ENTRY--GEOGRAPHIC NAME | |
| Source of heading or term | BUEsh |
| 653 ## - INDEX TERM--UNCONTROLLED | |
| Resource For college | BAEPS, Business Administration |
| Arrived date list | February2016 |
| 700 1# - ADDED ENTRY--PERSONAL NAME | |
| Personal name | Jordan, Michael, |
| Dates associated with a name | 1968- |
| 700 1# - ADDED ENTRY--PERSONAL NAME | |
| Personal name | Probst, Dan. |
| 942 ## - ADDED ENTRY ELEMENTS (KOHA) | |
| Source of classification or shelving scheme | Dewey Decimal Classification |
| Withdrawn status | Item status | Source of classification or shelving scheme | Damaged status | Not for loan | Vendor | Home library | Current library | Shelving location | Date acquired | Source of acquisition | Cost, normal purchase price | Serial Enumeration / chronology | Total Checkouts | Full call number | Barcode | Date last seen | Cost, replacement price | Koha item type |
|---|---|---|---|---|---|---|---|---|---|---|---|---|---|---|---|---|---|---|
| Dewey Decimal Classification | Academic Bookshop | Central Library | Central Library | First floor | 15/02/2016 | Purchase | 400.00 | 4869 | 658.4013 MCC | 000031551 | 15/07/2025 | 500.00 | Book - Borrowing |